British Chamber of Commerce quarterly economic survey (Record no. 119141)

MARC details
000 -LEADER
fixed length control field 01136cas a22002295 4500
001 - CONTROL NUMBER
control field L139931
008 - FIXED-LENGTH DATA ELEMENTS--GENERAL INFORMATION
fixed length control field 070821c2002 xxkqr ws ss 0 a0eng u
035 ## - SYSTEM CONTROL NUMBER
System control number (Sirsi) u139931
041 0# - LANGUAGE CODE
Language code of text/sound track or separate title eng
110 2# - MAIN ENTRY--CORPORATE NAME
Corporate name or jurisdiction name as entry element British Chambers of Commerce
9 (RLIN) 3684
245 00 - TITLE STATEMENT
Title British Chamber of Commerce quarterly economic survey
Medium [electronic resource]
260 ## - PUBLICATION, DISTRIBUTION, ETC.
Place of publication, distribution, etc. [S.l.]
Name of publisher, distributor, etc. BCC
Date of publication, distribution, etc. 2002-
362 0# - DATES OF PUBLICATION AND/OR SEQUENTIAL DESIGNATION
Dates of publication and/or sequential designation First Quarter 2002-
490 #0 - SERIES STATEMENT
Series statement British Chamber of Commerce Quarterly Economic Survey
Volume/sequential designation First Quarter 2002-
520 ## - SUMMARY, ETC.
Summary, etc. This independent business survey summarises responses from over 5 000 UK businesses on a variety of issues including: home sales and orders, export sales and orders, employment, investment, business confidence, capacity and cashflow, and price pressures. Also gives an overview of the economic climate.
554 ## -
-- Quarterly
650 24 - SUBJECT ADDED ENTRY--TOPICAL TERM
Topical term or geographic name entry element BRITISH CHAMBER OF COMMERCE QUARTERLY ECONOMIC SURVEY
651 #4 - SUBJECT ADDED ENTRY--GEOGRAPHIC NAME
Geographic name United Kingdom
Chronological subdivision
690 ## - LOCAL SUBJECT ADDED ENTRY--TOPICAL TERM (OCLC, RLIN)
Topical term or geographic name as entry element MANAGEMENT-BUSINESS MANAGEMENT
856 40 - ELECTRONIC LOCATION AND ACCESS
Uniform Resource Identifier <a href="https://www.chamberonline.co.uk/YXQxT0E.html">https://www.chamberonline.co.uk/YXQxT0E.html</a>
Public note View the economic survey free of charge at www.chamberonline.co.uk...
942 ## - ADDED ENTRY ELEMENTS (KOHA)
Suppress in OPAC 0
Holdings
Withdrawn status Lost status Source of classification or shelving scheme Damaged status Not for loan Home library Current library Shelving location Date acquired Total Checkouts Full call number Barcode Date last seen Copy number Price effective from Koha item type
    Dewey Decimal Classification     Virtual Virtual Online 21/08/2007   ONLINE PUBLICATION 139931-2001 06/08/2019 1 06/08/2019 Book